Kluby Ekstraligi (żużel) 2020-2025 - Statystyki

Ogólne statystyki
  • Ten quiz został rozwiązany 1 176 razy
  • Średni wynik to 10 z 11
Statystyki odpowiedzi
Sezon Odpowiedź % Poprawnych
2025, 2024, 2023, 2022, 2021, 2020 Motor Lublin
98%
2025, 2024, 2021, 2020 Falubaz Zielona Góra
96%
2025, 2024, 2023, 2022, 2021 KS Apator Toruń
96%
2025, 2024, 2023, 2022, 2021, 2020 Sparta Wrocław
96%
2024, 2023, 2022, 2021, 2020 Unia Leszno
96%
2025, 2020 ROW Rybnik
95%
2025, 2024, 2023, 2022, 2021, 2020 Stal Gorzów
94%
2025, 2024, 2023, 2022, 2021, 2020 Włókniarz Częstochowa
93%
2025, 2024, 2023, 2022, 2021, 2020 GKM Grudziądz
92%
2023 Wilki Krosno
88%
2022 Ostrów Wlkp
16%
Nie znaleziono quizów pasujących do podanych kryteriów
Rozkład punktacji
Procent ludzi z każdym wynikiem
Percentyl według liczby udzielonych odpowiedzi
Twoja historia wyników
Nie rozwiązałeś tego quizu